000
00259 a2200097 4500
001
18989
100
_a
America Society of Mech. Engineers
245
_a
Interments and Apparatus: Pressure Measurement PT-II
260
_a
_b
A S M E
_c
1964
090
_c
14073
_d
14073
942
_a
NUST-CAE
_c
M
_c
4529
999
_c
254062
_d
254062